00000000nam##2200000za#4500
0019.589544
003CaOODSP
00520210624195709
007cr |||||||||||
008150406|1991||||xxc|||||o    f|0| 0 fre|d
040 |aCaOODSP|bfre
041 |aeng
041 |afre
043 |an-cn---
0861 |aFs97-13/842-PDF
1101 |aCanada. |bMinistère des pêches et des océans.
24510|aDébarquements de poissons estuariens dans le Golfe du Saint-Laurent 1917 - 1988 / |h[ressource électronique]|cpar C.H. Leblanc et G.J. Chaput.
260 |aMoncton - Nouveau-Brunswick : |bPêches et Océans Canada |c1991.
300 |a111p.|bfigures, références, tableaux
4901 |aRapport statistique canadien des sciences halieutiques et aquatiques|vN° 842
500 |aSur la p. de t. : Direction des sciences, Région du golfe, Moncton, N.B. Texte en anglais et en français sur deux colonnes. Le numéro de catalogue et l'ISSN de l'édition imprimée apparaissent dans la version PDF.
590 |a13-19-Supp|b2013-08-14
7201 |aLeblanc, C. H.
7201 |aChaput, G. J.
791 |tLandings of estuarine fishes in the Gulf of St. Lawrence 1917 – 1988 / |eeng|w(CaOODSP)9.589543
830#0|aRapport statistique canadien des sciences halieutiques et aquatiques ;|vN° 842|w(CaOODSP)9.500268
85640|ahttp://publications.gc.ca|qPDF|s5121 Ko|uhttps://publications.gc.ca/collections/collection_2013/mpo-dfo/Fs97-13-842.pdf|yN° 842